Szczegóły MARC21

Géologie de l'Europe : du Précambrien aux bassins sédimentaires post-hercyniens = Geology of Europe : from Precambrian to post-hercynian sedimentary basins : texte intégral du colloque C 6 : Géologie de l'Europe du 26me C.G.I. [Congrès Géologique International]

005 -DATA I CZAS OSTATNIEJ MODYFIKACJI [,]
    • @
    • pole kontrolne
    • 20070403095112.0
040 -Instytucja sporządzająca opis [ , ]
    • a
    • Instytucja, która sporządziła opis (NP)
    • SZCZ U/JC
    • c
    • Instytucja, która sporządziła rekord (NP)
    • SZCZ U/JC
    • d
    • Instytucja, która zmodyfikowała rekord (P)
    • SZCZ U/OG
041 -Język dokumentu [0, ]
    • a
    • Język tekstu (P)
    • angielski
    • a
    • Język tekstu (P)
    • francuski
044 -Kraj miejsca wydania [ , ]
    • a
    • Kraj miejsca wydania
    • Francja
942 -Rodzaj dokumentu [ , ]
    • c
    • Rodzaj dokumentu
    • Książka
111 -Hasło główne - nazwa imprezy [2, ]
    • a
    • Nazwa imprezy (NP)
    • Congrès Géologique International Find
    • c
    • Miejsce imprezy (NP)
    • Paris).
    • d
    • Data imprezy (NP)
    • 1980 ;
    • n
    • Numer imprezy (P)
    • (26 ;
245 -Strefa tytułu i oznaczenia odpowiedzialności [0,0]
    • a
    • Tytuł
    • Géologie de l'Europe : Find
    • b
    • Ciąg dalszy tytułu (NP)
    • du Précambrien aux bassins sédimentaires post-hercyniens = Geology of Europe : from Precambrian to post-hercynian sedimentary basins : texte intégral du colloque C 6 : Géologie de l'Europe du 26me C.G.I. [Congrès Géologique International] Find
    • c
    • Pozostałe elementy strefy tytułu i oznaczenia odpowiedzialności (NP)
    • sous la coordination de Jean Cogné et Maurice Slansky ; Société Géologique du Nord ; Bureau de Recherches Géologiques et Minières.
246 -Wariant tytułu [3,1]
    • a
    • Tytuł (NP)
    • Geology of Europe
260 -Strefa adresu wydawniczego [ , ]
    • a
    • Miejsce wydania (P)
    • Orléans :
    • a
    • Miejsce wydania (P)
    • Villeneuve d'Ascq :
    • b
    • Nazwa wydawcy (P)
    • BRGM ;
    • b
    • Nazwa wydawcy (P)
    • S.G.N.,
    • c
    • Data wydania (P)
    • 1980. -
300 -Strefa opisu fizycznego [ , ]
    • a
    • Określenie formy książki i/lub objętość (NP)
    • 306 s. :
    • b
    • Oznaczenie ilustracji (NP)
    • mapy, rys. ;
    • c
    • Format (NP)
    • 27 cm.
490 -Strefa serii i książki wielotomowej - forma nie do wyszukiwania [1, ]
    • a
    • Tytuł (P)
    • Mémoires du Bureau de Recherches Géologiques et Minières, Find
    • x
    • ISSN (NP)
    • 0071-8246 ;
    • v
    • Numeracja (P)
    • no. 108
830 -Hasło dodatkowe serii i opisu książki wielotomowej - tytuł ujednolicony/tytuł [ ,0]
    • a
    • Tytuł ujednolicony/tytuł (NP)
    • Mémoires du BRGM,
    • x
    • ISSN
    • 0071-8246 ;
    • v
    • Oznaczenie tomu (NP)
    • no. 108
500 -Uwaga ogólna [ , ]
    • a
    • Uwaga ogólna (NP)
    • Tekst w jęz. ang. i fr. - Bibliogr. Err. Rés. Summ.
080 -Uniwersalna Klasyfikacja Dziesiętna [ , ]
    • 2
    • Identyfikator wydania tablic
    • UDC-P022
    • a
    • Symbol klasyfikacji
    • 55(4)
    • b
    • Dopowiedzenie
    • Geologia Europy.
    • x
    • Poddział wspólny
    • (082.1)
    • b
    • Dopowiedzenie
    • (Zbiory prac różnych autorów).
    • x
    • Poddział wspólny
    • =111
    • b
    • Dopowiedzenie
    • =język angielski
    • x
    • Poddział wspólny
    • =133.1
    • b
    • Dopowiedzenie
    • =język francuski
980 -Symbol UKD [ , ]
    • a
    • UKD
    • 55(4)(082.1)=111=133.1
700 -Hasło dodatkowe - nazwa osobowa [1, ]
    • a
    • Nazwa osobowa (NP)
    • Cogné, Jean Find
    • d
    • Daty biograficzne (NP)
    • (1924-).
    • e
    • Określenie rodzaju współpracy
    • Red.
700 -Hasło dodatkowe - nazwa osobowa [1, ]
    • a
    • Nazwa osobowa (NP)
    • Slansky, Maurice. Find
    • e
    • Określenie rodzaju współpracy
    • Red.
Numer inwentarzowy Status udost. Data inwentaryzacji Lokalizacja
Z.10812112007-03-07BG